| 000 | 02541nam a2200697 a 4500 | ||
|---|---|---|---|
| 001 | 22371 | ||
| 003 | VRT | ||
| 005 | 20260326154958.0 | ||
| 006 | r c rn | ||
| 008 | 240313s2014 xo a b 000 f slo | ||
| 015 | _aSNBA2014/04 | ||
| 020 |
_a9788080899424 _q(viaz.) |
||
| 039 | 9 |
_a202403131619 _bVLOAD _c201906241105 _dAUTHORITY _c201409301118 _dmbpksh02 _c201407231402 _dmttkjf04 |
|
| 040 |
_aPOKPOH _bslo _cPOKPOH _dSNK _eAACR2 |
||
| 041 | 1 |
_aslo _hger |
|
| 044 |
_axo _cSK |
||
| 072 | 7 |
_a821.112.2-3 _xNemecká próza, nemecky písaná _2konspekt |
|
| 072 | 7 |
_a821-93 _xLiteratúra pre deti a mládež (beletria) _2konspekt |
|
| 080 |
_a821.112.2(436)-32 _22001 |
||
| 080 |
_a(0:82-322.4) _22001 |
||
| 080 |
_a821-93 _22001 |
||
| 100 | 1 |
_aBrezina, Thomas, _d1963- _4aut |
|
| 240 | 1 | 4 |
_aEin Fall für dich und das Tiger-Team: Geheimtreff Schule-Mitternacht _lSlovensky |
| 245 | 1 | 0 |
_aPrípad pre teba a Tigrí tím _pTajomné stretnutie o polnoci _cThomas C. Brezina ; ilustrovala Naomi Fearnová ; [z nemeckého originálu ... preložila Katarína Šmidtová] |
| 246 | 3 | 0 | _aTajomné stretnutie o polnoci |
| 250 | _a1. vyd. | ||
| 260 |
_a[Bratislava] _bFragment _c2014 |
||
| 300 |
_a134 s. _bilustr. _c19 cm _e1 plast. lupa |
||
| 490 | 1 | _aTigrí tím | |
| 500 | _aMiesto vyd. podľa ISBN | ||
| 521 | 1 | _aPre čitateľov od 9 rokov | |
| 655 | 7 |
_arakúske príbehy _2SNKPH |
|
| 655 | 7 |
_adetektívne príbehy _2SNKPH |
|
| 655 | 7 |
_apublikácie pre deti _2SNKPH |
|
| 655 | 7 |
_aAustrian stories _2SNKPHeng |
|
| 655 | 7 |
_aDetective stories _2SNKPHeng |
|
| 655 | 7 |
_aChildren's literature _2SNKPHeng |
|
| 700 | 1 |
_aŠmidtová, Katarína _4trl |
|
| 700 | 1 |
_aFearn, Naomi, _d1976- _4ill |
|
| 830 | 0 | _aTigrí tím | |
| 910 | _apokpoh | ||
| 910 | _apppk | ||
| 910 | _askpk | ||
| 910 | _avthk | ||
| 910 | _asnk | ||
| 910 | _asvkbb | ||
| 910 | _ahevk | ||
| 910 | _asllk | ||
| 910 | _abjkdg | ||
| 910 | _attkjf | ||
| 910 | _abpksh | ||
| 942 |
_2ddc _cKLDE _n0 |
||
| 949 |
_63869A11632 _abpksh821.112.2(436)-32 _bbpksh65076 |
||
| 949 |
_6273K0585707 _asvkpoA 225191 _bsvkpo584656 |
||
| 949 |
_617A1071838 _asnkSD 82994 _bsnk2014/6229 _o664/14 |
||
| 949 |
_617A1071837 _asnkSD 82994/príl. _bsnk2014/6229 _o664/14 1 lupa _q1 lupa _r1 lupa |
||
| 949 |
_617A1082336 _asnkSD 82994 D1 _bsnk2014/6230 _o664/14 |
||
| 949 |
_617A1082335 _asnkSD 82994/príl. D1 _bsnk2014/6230 _o664/14 1 lupa _q1 lupa _r1 lupa |
||
| 949 |
_6270001000442396 _asvkbbA 140989 _bsvkbbm 743169 |
||
| 999 |
_c22371 _d22371 |
||